MARC details
| 000 -CABECERA |
| campo de control de longitud fija |
00994cam a22002651 4500 |
| 001 - NÚMERO DE CONTROL |
| campo de control |
000014265 |
| 005 - FECHA Y HORA DE LA ÚLTIMA TRANSACCIÓN |
| campo de control |
20200929163540.0 |
| 008 - DATOS DE LONGITUD FIJA--INFORMACIÓN GENERAL |
| campo de control de longitud fija |
770414s1934 fr 000 0 fre |
| 010 ## - NÚMERO DE CONTROL DE LA BIBLIOTECA DEL CONGRESO |
| Número de control de LC |
35001420 |
| 035 ## - NÚMERO DE CONTROL DEL SISTEMA |
| Número de control de sistema |
(OCoLC)2888025 |
| 040 ## - FUENTE DE LA CATALOGACIÓN |
| Centro catalogador/agencia de origen |
DO-SdBNP |
| Centro/agencia transcriptor |
NSyU |
| Centro/agencia modificador |
NSyU |
| -- |
OCoLC |
| -- |
DLC |
| 042 ## - CÓDIGO DE AUTENTICACIÓN |
| Código de autenticación |
premarc |
| 050 00 - SIGNATURA TOPOGRÁFICA DE LA BIBLIOTECA DEL CONGRESO |
| Número de clasificación |
BJ1562 |
| Número de documento/Ítem |
.V84 1934 |
| 100 1# - ENTRADA PRINCIPAL--NOMBRE DE PERSONA |
| Nombre de persona |
Volney, C. F. |
| Forma completa/desarrollada del nombre |
(Constantin-Francois), |
| Fechas asociadas al nombre |
1757-1820. |
| 9 (RLIN) |
32206 |
| 245 13 - MENCIÓN DE TÍTULO |
| Título |
La loi naturelle; : |
| Resto del título |
ou, Catechisme du citoyen francais. / |
| Mención de responsabilidad, etc. |
Ed. complete et critique (textes de 1793 et de 1826) par Gaston-Martin. |
| 260 ## - PUBLICACIÓN, DISTRIBUCIÓN, ETC. |
| Lugar de publicación, distribución, etc. |
Paris, : |
| Nombre del editor, distribuidor, etc. |
A. Colin, |
| Fecha de publicación, distribución, etc. |
1934. |
| 300 ## - DESCRIPCIÓN FÍSICA |
| Extensión |
viii, 161 p., 1 l. ; |
| Dimensiones |
23 cm. |
| 490 0# - MENCIÓN DE SERIE |
| Mención de serie |
Les classiques de la revolution francaise, pub. sous la direction d'Albert Mathiez et Georges Lefebvre. |
| 650 #0 - PUNTO DE ACCESO ADICIONAL DE MATERIA--TÉRMINO DE MATERIA |
| Término de materia o nombre geográfico como elemento de entrada |
Ethics. |
| 9 (RLIN) |
4873 |
| 650 #0 - PUNTO DE ACCESO ADICIONAL DE MATERIA--TÉRMINO DE MATERIA |
| Término de materia o nombre geográfico como elemento de entrada |
Conduct of life. |
| 9 (RLIN) |
32207 |
| 650 #0 - PUNTO DE ACCESO ADICIONAL DE MATERIA--TÉRMINO DE MATERIA |
| Término de materia o nombre geográfico como elemento de entrada |
Natural law. |
| 9 (RLIN) |
32208 |
| 700 1# - PUNTO DE ACCESO ADICIONAL--NOMBRE DE PERSONA |
| Nombre de persona |
Martin, Gaston, |
| Término indicativo de función/relación |
ed. |
| 9 (RLIN) |
32209 |
| 740 0# - PUNTO DE ACCESO ADICIONAL--TÍTULO RELACIONADO O ANALÍTICO NO CONTROLADO |
| Título relacionado o analítico no controlado |
Catechisme du citoyen francais. |
| 910 ## - DATOS DE OPCIÓN DEL USUARIO (OCLC) |
| Datos de opción del usuario |
Catalogación por copia / LC |